Neuroarchitecture : (Record no. 12817)

000 -LEADER
fixed length control field 02524cam a2200325 i 4500
003 - CONTROL NUMBER IDENTIFIER
control field OSt
005 - DATE AND TIME OF LATEST TRANSACTION
control field 20240713095717.0
008 - FIXED-LENGTH DATA ELEMENTS--GENERAL INFORMATION
fixed length control field 240418t20232023ne abe b 000 0 eng d
020 ## - INTERNATIONAL STANDARD BOOK NUMBER
International Standard Book Number 9789462087880
Qualifying information (paperback)
042 ## - AUTHENTICATION CODE
Authentication code lccopycat
082 04 - DEWEY DECIMAL CLASSIFICATION NUMBER
Classification number 724.6
100 1# - MAIN ENTRY--PERSONAL NAME
Personal name Suurenbroek, Frank,
Dates associated with a name 1974-
Relator term author.
245 10 - TITLE STATEMENT
Title Neuroarchitecture :
Remainder of title designing high-rise cities at eye level /
Statement of responsibility, etc Frank Suurenbroek & Gideon Spanjar.
300 ## - PHYSICAL DESCRIPTION
Extent 224 pages :
Other physical details illustrations (chiefly color), maps, plans ;
Dimensions 24 cm
504 ## - BIBLIOGRAPHY, ETC. NOTE
Bibliography, etc Includes bibliographical references (pages 220-222).
505 2# - FORMATTED CONTENTS NOTE
Formatted contents note Focus on Perception: Perception as the Key to the Built Environment -- Human Scale: Urban Densification and Human Scale -- Neuroarchitecture: How it works and its potential -- Design Solutions: Humanizing densification.
520 8# - SUMMARY, ETC.
Summary, etc "How can we design streetscapes on a human scale in high-density environments? In Western cities, an increasing number of inhabitants need to be accommodated. This often means the introduction of taller high-rise buildings. Although these new urban projects are designed with the intention to create a sense of human scale for the inhabitants, it remains unclear how the users of these streetscapes actually experience them. This book explores the insights offered by the new hybrid field of neuroarchitecture. Using state-of-the-art technology, researchers in this field are able to track minutely how the body responds to impulses from the built environment. Neuroarchitecture introduces the field and shows best practices of streetscapes in Western cities, such as Amsterdam, Toronto, Manchester and Oslo. Each location is analyzed in depth, using a research-through-design method. What do the existing urban fabric studies teach us? What patterns can be observed and experienced visually? 'Neuroarchitecture' questions design guidelines and gives practical tools to improve the human-scale attributes of high-density built environments. In conjunction with AUAS University of Applied Sciences, Chair of Spatial Urban Transformation."--Publisher information.
648 #7 - SUBJECT ADDED ENTRY--CHRONOLOGICAL TERM
Chronological term 2000-2099
Source of heading or term fast
650 #0 - SUBJECT ADDED ENTRY--TOPICAL TERM
Topical term or geographic name as entry element Streetscapes (Urban design)
650 #0 - SUBJECT ADDED ENTRY--TOPICAL TERM
Topical term or geographic name as entry element City planning.
650 #0 - SUBJECT ADDED ENTRY--TOPICAL TERM
Topical term or geographic name as entry element Tall buildings.
650 #6 - SUBJECT ADDED ENTRY--TOPICAL TERM
Topical term or geographic name as entry element Paysages de rue (Urbanisme)
650 #6 - SUBJECT ADDED ENTRY--TOPICAL TERM
Topical term or geographic name as entry element Immeubles de grande hauteur.
650 #7 - SUBJECT ADDED ENTRY--TOPICAL TERM
Topical term or geographic name as entry element streetscapes.
Source of heading or term aat
650 #7 - SUBJECT ADDED ENTRY--TOPICAL TERM
Topical term or geographic name as entry element Streetscapes (Urban design)
Source of heading or term fast
650 #7 - SUBJECT ADDED ENTRY--TOPICAL TERM
Topical term or geographic name as entry element City planning
Source of heading or term fast
650 #7 - SUBJECT ADDED ENTRY--TOPICAL TERM
Topical term or geographic name as entry element Tall buildings
Source of heading or term fast
700 1# - ADDED ENTRY--PERSONAL NAME
Personal name Spanjar, Gideon,
Relator term author.
942 ## - ADDED ENTRY ELEMENTS (KOHA)
Source of classification or shelving scheme
Holdings
Withdrawn status Lost status Source of classification or shelving scheme Damaged status Koha normalized classification for sorting Not for loan Permanent location Current location Date acquired Source of acquisition Cost, normal purchase price Total Checkouts Full call number Barcode Date last seen Date last borrowed Cost, replacement price Price effective from Koha item type
        724_600000000000000   BMS College of Architecture, Design and Planning BMS College of Architecture, Design and Planning 2024-07-12 1 2719.38 1 724.6 AR-UG4031 2025-03-04 2025-02-17 3625.84 2024-07-12 B.PLAN
Copyright © 2025, The Librarian, Library and Information Centre, BMSCA D&P, Bengaluru. All Rights Reserved
web counter

Powered by Koha